[Event "Charlotte Open 2020"]
[Site "Charlotte"]
[Date "2020.01.02"]
[Round "1.10"]
[White "Jacobson, Brandon"]
[Black "Narayanan, Samrug"]
[Result "1-0"]
[WhiteElo "2472"]
[BlackElo "2248"]
[Annotator "TA"]
[PlyCount "117"]
[EventDate "2020.01.02"]
[EventType "swiss"]
[EventCountry "USA"]
[SourceTitle "playchess.com"]
[Source "ChessBase"]
[SourceQuality "1"]

{[%evp 15,117,10,61,-1,31,0,20,-21,-18,-20,9,14,33,0,52,-23,-32,-28,-33,-35,-24,-17,-19,-41,0,0,61,54,54,29,29,29,29,29,26,-22,-11,-11,14,14,29,29,29,21,21,14,11,-1,41,30,85,20,22,35,144,133,157,129,157,-8,-7,-7,-7,-7,-7,-7,-7,-14,-11,-80,0,-8,0,-7,0,-8,0,0,77,77,77,77,78,78,116,97,95,84,152,117,155,154,144,82,83,90,90,85,85,0,0,0,0,0]} 1. e4 e6 2. d4 d5 3. Nc3 Bb4 4. e5 c5 5. a3 Bxc3+ 6. bxc3 Qa5 7. Bd2 Qa4 8. Qg4 g6 (8... Kf8 $11) 9. h4 {C18: French: 3 Nc3 Bb4: Main line: 7 h4 and 7 Qg4} (9. Nf3 $14) (9. Nf3 Nc6 10. Be2 Bd7 11. O-O c4 12. Ra2 O-O-O 13. Bg5 Rf8 14. Qh4 h6 15. Rb1 Rh7 16. h3 f5 17. exf6 Rff7 18. Qg3 Qa5 19. Bf4 Nxf6 20. Nd2 {1-0 (50) Saric,I (2689)-Lupulescu,C (2606) Batumi 2018}) 9... h6 (9... h5 $5 {[%cal Rh5g4]} 10. Qf4 Nd7 $11) 10. Bd3 Nc6 11. Qf4 $146 ({Predecessor:} 11. Nf3 Nge7 12. Qf4 c4 13. Qf6 Rh7 14. h5 Ng8 15. hxg6 Nxf6 16. gxh7 Nxh7 17. Bxh7 {1-0 (63) Rjanova,V (2222)-Balaian,A (2203) Sochi 2012}) 11... c4 12. Be2 Bd7 13. Bd1 Rh7 14. Qg3 Rg7 (14... Qb5 $11) 15. h5 (15. Nf3 $14) 15... g5 $11 16. f4 {[%cal Rf4g5]} g4 17. Qh4 Nce7 18. Bxg4 Qxc2 19. Nf3 Nf5 20. Bxf5 exf5 (20... Qxf5 $11 21. Kf2 Bc6) 21. O-O $14 Rg4 22. Qe1 (22. Qf2 {looks sharper.} O-O-O 23. Rfc1 Qa4 24. Nh2 Rg7 25. Be1) 22... O-O-O 23. Qb1 Qxb1 24. Rfxb1 Ne7 25. Rb2 Rdg8 26. Be3 b6 27. Kh2 Nc6 28. Rg1 Kc7 29. g3 R4g7 30. Kh3 Be6 31. Nh2 Ne7 32. a4 a6 (32... Nc6 $11) 33. Ra2 (33. Bc1 $16) 33... Nc6 $11 34. Bc1 Na5 (34... f6 $1 $14) 35. Ba3 $16 Kd7 36. Nf1 $1 Rg4 37. Ne3 $2 (37. Rag2 $16) 37... Rxf4 $1 $11 38. gxf4 Rxg1 39. Kh2 Rg8 40. Rg2 $132 {[%mdl 2048] White is not keeping still} Rxg2+ 41. Kxg2 {[%mdl 4096] Endgame KBN-KBN} Ke8 42. Nc2 (42. Kf3 $11) 42... Nc6 (42... Nb3 $1 $17) 43. Bd6 Bd7 44. Ne3 Be6 45. Bc7 Na5 46. Bxb6 Nb7 (46... Nb3 $1 $11 {keeps the balance.}) 47. a5 $16 Kd7 48. Nc2 {Threatens to win with Nb4.} Kc6 49. Na3 Bc8 50. Kf2 Be6 51. Ke1 Bd7 (51... f6 $142) 52. Kd2 Be6 53. Kc1 Bc8 {[#]} 54. Nc2 ({White should play} 54. Kb2 $1) 54... Be6 55. Nb4+ Kb5 {[#]} 56. Kb2 $1 Nxa5 57. Bxa5 (57. Bc5 $16) 57... Kxa5 $11 58. Nc6+ Kb6 59. Ne7 {[%mdl 32768] Accuracy: White = 52%, Black = 30%. . Loss on time!?} 1-0

[Event "Charlotte Open 2020"]
[Site "Charlotte"]
[Date "2020.01.02"]
[Round "1.11"]
[White "Harazinska, Ewa"]
[Black "Bajarani, Ulvi"]
[Result "0-1"]
[WhiteElo "2178"]
[BlackElo "2468"]
[Annotator "TA"]
[PlyCount "66"]
[EventDate "2020.01.02"]
[EventType "swiss"]
[EventCountry "USA"]
[SourceTitle "playchess.com"]
[Source "ChessBase"]
[SourceQuality "1"]

{[%evp 17,66,42,50,41,44,41,58,15,11,15,14,22,47,0,0,0,0,0,-7,-23,-8,-23,-26,-24,-29,-49,-20,-22,-12,-37,-17,-33,-22,-53,-76,-117,-121,-154,-175,-272,-270,-399,-394,-486,-439,-687,-718,-711,-702,-666,-562]} 1. d4 Nf6 2. c4 e6 3. Nc3 Bb4 4. Qc2 O-O 5. Nf3 d5 6. cxd5 exd5 7. Bg5 Nbd7 8. e3 h6 9. Bh4 c5 10. Be2 {E35: Nimzo-Indian: Classical: 4...d5 5 cxd5 exd5} Re8 (10... Qa5 11. O-O Bxc3 12. bxc3 b6 13. Rfc1 Ba6 14. Bxa6 Qxa6 15. Bxf6 Nxf6 16. dxc5 bxc5 17. c4 Rac8 18. cxd5 Nxd5 {½-½ (38) Cruz,C (2571)-Cuartas,J (2499) Barcelona 2018}) 11. O-O Qa5 $146 ({Predecessor:} 11... Bxc3 12. bxc3 Qa5 13. c4 b6 14. cxd5 Nxd5 15. Rfc1 Ba6 16. Bxa6 Qxa6 17. Qb3 Ne7 18. Bxe7 Rxe7 {½-½ (28) Korchut,A (1837)-Kelemen,G (1865) LSS email 2012}) 12. dxc5 {Black should prevent Bxf6.White is slightly better.} Bxc3 13. Qxc3 Qxc3 14. bxc3 Ne4 15. Rac1 Ndxc5 16. c4 dxc4 17. Bxc4 Be6 18. Bxe6 Nxe6 19. Rfd1 Rac8 {[#] ...Nc3 is the strong threat.} 20. Kf1 f6 21. Bg3 Rxc1 22. Rxc1 Rd8 23. Ke2 b5 24. Rc6 Kf7 25. Rc2 b4 26. Nd2 Nc3+ 27. Ke1 Rd3 28. Rb2 (28. Bb8 $142) 28... a5 $19 {[%cal Ba7a5,Ba5a4,Ba4b3][%mdl 32]} 29. h3 (29. Bb8 $142) 29... Nc5 30. Rc2 a4 {Hoping for ...N5e4.Black is clearly winning.} 31. Bc7 {[#]} (31. f3 $142 b3 32. axb3 axb3 33. Rb2) 31... b3 $1 {[%mdl 512]} 32. axb3 axb3 33. Rb2 Rd7 {Accuracy: White = 37%, Black = 73%.} 0-1

[Event "Charlotte Open 2020"]
[Site "Charlotte"]
[Date "2020.01.02"]
[Round "1.12"]
[White "Yoo, Christopher Woojin"]
[Black "Puckett, Matthew"]
[Result "0-1"]
[WhiteElo "2456"]
[BlackElo "2148"]
[Annotator "TA"]
[PlyCount "80"]
[EventDate "2020.01.02"]
[EventType "swiss"]
[EventCountry "USA"]
[SourceTitle "playchess.com"]
[Source "ChessBase"]
[SourceQuality "1"]

{[%evp 19,80,14,31,-11,-4,-17,0,0,0,-4,-10,-10,-8,-4,-9,-18,-10,-15,-4,-14,0,5,0,10,6,-13,-18,-53,-52,-57,-55,-37,0,-57,-53,-53,0,-58,26,26,26,0,150,131,133,155,114,149,113,84,297,266,295,281,276,297,310,279,457,453,516,493,526]} 1. e4 c5 2. c3 Nf6 3. e5 Nd5 4. d4 cxd4 5. Nf3 e6 6. cxd4 d6 7. Bc4 Nc6 8. O-O Be7 9. Qe2 O-O 10. Rd1 Bd7 11. b3 $146 {B22: Sicilian: 2 c3} ({Predecessor:} 11. a3 Rc8 12. Bxd5 exd5 13. Nc3 Be6 14. Bf4 Re8 15. h3 a6 16. Rac1 h6 17. b4 Bf8 18. Qd2 Rc7 {½-½ (39) Vitiugov,N (2732)-Yu,Y (2763) Khanty-Mansiysk 2019}) 11... Rc8 12. Bb2 a6 13. Nbd2 {The position is equal.} b5 14. exd6 Bxd6 15. Ne4 {Strongly threatening Bxd5.} Be7 16. Bxd5 exd5 17. Nc5 Nxd4 {[%mdl 64] Remove Defender} 18. Rxd4 Rxc5 19. b4 Rc8 20. Rxd5 {And now Rad1 would win.} Qe8 21. Re5 Be6 $1 22. Nd4 Bxb4 23. Nf5 {[#]} Bxf5 $1 {[%mdl 512]} 24. Rxe8 (24. Rxf5 Qxe2) 24... Rfxe8 25. Qf3 Be6 (25... Be4 {feels hotter.} 26. Qb3 Bf8 27. h3 Bf5 28. a3 Be6) 26. h3 (26. a3 $1 $11 Be7 27. Qg3) 26... Rc2 $15 27. Bd4 Rd8 ({Much worse is} 27... Rxa2 $6 28. Bxg7 $1 {[%mdl 512]} Kxg7 29. Rxa2 $14) (27... Bf8 $15) 28. Rd1 ({White should play} 28. a3 $11 Bf8 29. Qe3) 28... Rxa2 {[#]} (28... Rcc8 $15) 29. Bxg7 $1 $11 {[%mdl 512]} Rxd1+ (29... Kxg7 30. Qg3+) 30. Qxd1 Rd2 (30... Kxg7 $11 31. Qd4+ {[%mdl 64] Double Attack} Kg6 32. Qxb4 h6) 31. Qa1 $1 $16 {[%mdl 1024] Threatens to win with Bh6. White has strong compensation.} Bb3 {...Rd1+ is the strong threat.} 32. Kh2 {aiming for Bh6.} Bd6+ ({But not} 32... Rxf2 $2 33. Bh6 $18) 33. Be5 Bc4 34. h4 Rd5 $2 (34... h5 $16) 35. Bxd6 $18 Rxd6 {[#] KQ-KRB} 36. h5 $1 h6 {[#]} 37. g4 $1 Be2 38. Kg3 Re6 $2 (38... Rd3+ {is a better defense.} 39. Kh4 Rd6) 39. Qd4 Bc4 40. f4 Kh7 {[%mdl 32768] Accuracy: White = 69%, Black = 49%. . Sensor Board Error (Ke4/e5)?} 0-1

[Event "Charlotte Open 2020"]
[Site "Charlotte"]
[Date "2020.01.02"]
[Round "1.13"]
[White "Somalwar, Anaiy"]
[Black "Zapata, Alonso"]
[Result "0-1"]
[WhiteElo "2143"]
[BlackElo "2434"]
[Annotator "TA"]
[PlyCount "110"]
[EventDate "2020.01.02"]
[EventType "swiss"]
[EventCountry "USA"]
[SourceTitle "playchess.com"]
[Source "ChessBase"]
[SourceQuality "1"]

{[%evp 14,130,28,25,39,19,51,45,48,22,23,20,67,41,42,15,24,32,40,33,56,46,85,72,90,83,116,88,87,76,94,70,64,54,119,117,112,103,107,99,100,77,87,64,64,60,60,62,77,31,58,48,47,62,46,47,39,45,77,72,84,83,99,106,112,68,123,129,140,147,151,147,198,0,139,102,151,0,129,73,185,86,125,0,211,206,301,284,242,65,91,73,64,38,60,52,69,84,129,0,0,0,0,0,0,-534,0,0,0,-1801,-1391,-29990,-29991,-29991,-29992,-29992,-29993,-29993,-29994]} 1. d4 Nf6 2. c4 d6 3. Nc3 Nbd7 4. e4 e5 5. d5 a5 6. Be3 Nc5 7. f3 Be7 8. Nge2 h6 {A53: Old Indian Defence without Nf3} (8... c6 9. Nc1 O-O 10. Nd3 cxd5 11. cxd5 b6 12. Qd2 Nh5 13. O-O-O h6 14. g4 Nxd3+ 15. Bxd3 Nf4 16. Kb1 Nxd3 17. Qxd3 {1-0 (38) Battaglini,G (2473)-Smirin,I (2644) Jerusalem 2017}) 9. a3 $146 ({Predecessor:} 9. Ng3 O-O 10. Be2 Nh7 11. O-O Bg5 12. Bf2 Bd7 13. b3 g6 14. Bd3 h5 15. Re1 h4 16. Nf1 {0-1 (86) Swiech,J (2054)-Sliwicka,A (2307) Mumbai 2019}) 9... Bd7 10. Ng3 a4 {White is slightly better.} 11. Bd3 (11. Bxc5 $5 dxc5 12. Bd3 $14) 11... Nxd3+ 12. Qxd3 g6 13. O-O h5 14. Rae1 O-O 15. Nge2 c6 16. h3 cxd5 17. cxd5 Nh7 18. f4 exf4 19. Bxf4 Bg5 20. Bh2 Bf6 21. Kh1 Be5 22. Bxe5 (22. Qe3 {looks sharper.} Qc7 23. Bf4 Rac8 24. Rf3 b5 25. Ref1) 22... dxe5 23. Qe3 Ra6 (23... Kg7 $14) 24. Nc1 $1 $16 Qe7 25. Nd3 Rc8 26. Qg3 Re8 27. Rf2 Kg7 28. Qe3 Rc8 29. Ref1 f6 30. Nb4 Rd6 31. Qa7 Be8 32. Nxa4 Ng5 {aiming for ...Bxa4.} 33. Re1 Bxa4 34. Qxa4 Rc4 35. Rfe2 $36 {[%mdl 2048] White has good play.} Rd8 36. Qb3 Rc7 37. Na2 Rdc8 38. Nc3 Rc4 39. Qb6 Rd8 (39... Qc7 $14 40. Qxc7+ R4xc7) 40. Rf1 Rd6 41. Qb3 Rc8 42. Qb4 Qd7 (42... Rd7 $16) 43. Qb3 $2 (43. Nb5 $18 Rb6 44. a4) 43... Ra6 (43... Qe7 $1 $11 {keeps the balance.}) 44. Qc2 Rc4 45. Qb3 $2 (45. Re3 $16) 45... Rd4 (45... Rc8 $11 {remains equal.}) 46. Rfe1 (46. Kh2 $142) 46... Qc8 (46... Nf7 $16) 47. Rd1 (47. Rc2 $18 {and White stays clearly on top.} Qd7 48. Ne2 Rxe4 49. Rec1) 47... Kh6 48. Rde1 (48. Rxd4 $16 exd4 49. Nd1) 48... Qd7 $2 (48... Kg7 $11) 49. Nb5 $18 Rb6 (49... Rda4 $142 50. h4 Nf7) 50. a4 (50. Nxd4 Rxb3 51. Nxb3 Nxh3 $14) 50... Kg7 51. Rc2 $2 ({Inferior is} 51. Nxd4 Rxb3 52. Nxb3 Qxa4 $11) (51. Kh2 $18) 51... Nxe4 $14 52. Qe3 Rxb5 53. axb5 g5 54. Qb3 {Black must now prevent b6.} b6 55. Rc6 g4 {Played: Rd4-d3} 0-1

[Event "Charlotte Open 2020"]
[Site "Charlotte"]
[Date "2020.01.02"]
[Round "1.14"]
[White "Hilby, Craig"]
[Black "Sailer, Mike"]
[Result "1-0"]
[WhiteElo "2434"]
[BlackElo "2141"]
[Annotator "TA"]
[PlyCount "67"]
[EventDate "2020.01.02"]
[EventType "swiss"]
[EventCountry "USA"]
[SourceTitle "playchess.com"]
[Source "ChessBase"]
[SourceQuality "1"]

{[%evp 10,67,52,48,63,54,54,31,31,31,34,33,33,31,35,16,31,22,31,30,40,14,37,44,116,116,116,113,105,105,115,115,125,125,132,131,150,137,154,154,175,203,228,216,247,262,410,396,407,402,581,586,570,567,554,574,479,423,822,851]} 1. e4 d5 2. exd5 Qxd5 3. Nc3 Qd6 4. d4 Nf6 5. Nf3 c6 6. Ne5 Nbd7 {B01: Scandinavian Defence} 7. Nc4 Qc7 8. Qf3 Nb6 {White is slightly better.} 9. Bf4 Qd7 10. O-O-O {aiming for d5!} (10. Nxb6 axb6 11. O-O-O Qd8 12. h3 e6 13. Bc4 Be7 14. g4 {½-½ (32) Grischuk,A (2750)-Rapport,R (2698) chess.com INT 2017}) 10... Qg4 11. Qxg4 Bxg4 12. Nxb6 $146 ({Predecessor:} 12. f3 Be6 13. Nxb6 {½-½ (31) Carlier,E (2290)-Montgomery,R (2285) ICCF email 2014}) 12... axb6 13. f3 $36 {[%mdl 2048] White has the initiative.} Be6 14. a4 g6 15. Bc7 Bh6+ 16. Kb1 Nd5 ({Better is} 16... b5 $14) 17. Nxd5 $16 Bxd5 18. b3 ({But not} 18. Bxb6 $6 Rxa4 19. b3 Ra8 $11) 18... b5 19. axb5 O-O 20. Kb2 cxb5 21. Bxb5 Rfc8 22. Bb6 Bf4 23. Bd7 Rcb8 24. c4 Ra6 25. Bc5 ({Not} 25. cxd5 Rxb6 26. g3 Rd8 $11) 25... Bc6 26. Bxc6 Rxc6 27. Bxe7 Re8 (27... Re6 $142) 28. d5 $18 Be5+ 29. Kc2 Ra6 (29... Rc7 $142 30. Bb4 Ra8) 30. d6 {White is clearly winning.} Ra2+ 31. Kd3 Rea8 32. Rd2 R2a3 33. d7 Bc7 (33... Rxb3+ $142 34. Ke2 Bc7 35. d8=Q+ Bxd8) 34. Bxa3 {Accuracy: White = 80%, Black = 42%.} 1-0

[Event "Charlotte Open 2020"]
[Site "Charlotte"]
[Date "2020.01.02"]
[Round "1.15"]
[White "Venkat, Raghav"]
[Black "Escalante Ramirez, Brian Sebasti"]
[Result "1/2-1/2"]
[WhiteElo "2141"]
[BlackElo "2421"]
[Annotator "TA"]
[PlyCount "108"]
[EventDate "2020.01.02"]
[EventType "swiss"]
[EventCountry "USA"]
[SourceTitle "playchess.com"]
[Source "ChessBase"]
[SourceQuality "1"]

{[%evp 15,108,-18,0,-18,31,40,83,32,49,33,35,0,0,0,57,45,40,-56,-74,-113,-51,-122,-27,-108,-81,-305,-300,-317,-157,-145,0,0,0,0,0,-1306,-1277,-975,-270,-722,-554,-1043,-715,-669,8,13,15,15,10,19,158,0,0,0,0,0,12,0,8,8,8,8,8,-14,-14,-14,-11,-11,-8,-11,-8,-8,66,66,72,4,8,4,4,-8,-8,-91,8,-20,-4,-5,0,0,0,-6,0,0,0,-8,0]} 1. e4 e6 2. d3 d5 3. Qe2 Ne7 4. Nf3 c5 5. g3 Nbc6 6. Bg2 g6 7. O-O Bg7 8. c3 h6 9. Re1 {A08: King's Indian Attack} (9. h4 O-O 10. e5 f6 11. Bf4 fxe5 12. Bxe5 Nxe5 13. Nxe5 Qc7 14. Re1 Rf5 15. Ng4 Bd7 16. Nd2 Raf8 17. Nf3 {0-1 (31) Fedorov,A (2579)-Timofeev,A (2659) Warsaw 2011}) 9... d4 10. e5 $146 ({Predecessor:} 10. cxd4 cxd4 11. a3 e5 12. b4 {½-½ (12) Dgebuadze,A (2487)-Van Dooren,D (2375) Germany 2019}) 10... g5 11. Nbd2 (11. cxd4 $16 cxd4 12. Na3) 11... g4 $14 12. Nh4 Nxe5 13. Nc4 Nxc4 14. Qxg4 Rg8 (14... Bf6 $11 15. dxc4 dxc3) 15. dxc4 dxc3 16. Be3 ({Only move:} 16. Qe2 $14) 16... cxb2 $15 17. Rad1 Qc7 (17... Bd7 $17 18. Bxc5 Bc3) 18. Qh5 (18. Qe4 $15) 18... Bd7 (18... Bc3 $17 19. Qxc5 Qxc5 20. Bxc5 Bxe1 21. Rxe1 Bd7) 19. Bxc5 (19. Bf4 $1 $11 {keeps the balance.} Qb6 20. Be5) 19... Ba4 $36 {[%mdl 2048] Keeping White busy.} 20. Rd3 $2 (20. Rb1 $17 {is a better defense.} Bc3 21. Rxe6) 20... Bc2 $19 21. Rf3 O-O-O (21... Ng6 $1 $19 {and Black stays clearly on top.} 22. Nxg6 b1=Q 23. Rxb1 Bxg6) 22. Rxf7 $17 Qa5 (22... Rd7 $17 {...Bc3 is the strong threat.} 23. Qe2 Qe5 $1 {[%mdl 512]} 24. Qxe5 (24. Rxg7 $2 Qxe2 25. Rxg8+ Nxg8 $19) 24... Bxe5 25. Rxe7 Rxe7 26. Bxe7 Bc3) 23. Bxb7+ $1 $11 {[%mdl 64] Decoy} Kxb7 24. Rxe7+ Kc8 25. R1xe6 $2 {[%mdl 8192]} (25. R7xe6 $11 Bc3 26. Qf3 Qxc5 27. Rc6+ Qxc6 28. Qxc6+ Kb8 29. Qb5+ Kc7 30. Qc5+ Kb8 31. Nf3 (31. Qb5+ Ka8 $11)) 25... b1=Q+ $19 {[%mdl 64] Double Attack} 26. Kg2 Qa4 $2 (26... Bd3 {( -> ...Bf1+)} 27. Kh3 Bf5+ $1 {[%mdl 512]} 28. Nxf5 Qf1+ {[%mdl 64] Double Attack} 29. Kh4 Qxc4+ {[%mdl 64] Double Attack} 30. f4 Qaxc5) 27. Qg4 $2 (27. Qf3 Be4 28. Rxe4) 27... Rd7 28. Rd6 {[%cal Rd6d7]} Qb7+ 29. Kh3 Qac6 $2 {[#]} (29... Rgd8 $19 30. Rxg7 Qe4 31. Rxh6 Bd3 32. Qxe4 Bxe4) 30. Qe6 $1 $11 {[%mdl 512] [#]} Qxd6 $1 31. Bxd6 Rgd8 {Strongly threatening ...Bf8.} 32. Rxg7 $1 Qc6 (32... Qe4 $1 $11 {remains equal.} 33. Be5 Bd3 34. Qa6+ Qb7) 33. Rxd7 $2 (33. c5 $16) 33... Qxd7 34. Qxd7+ Kxd7 $16 {[%mdl 4096] Endgame KRB-KBN} 35. Bc5 a6 36. Nf3 Rb8 37. Ne5+ Ke6 38. Bd4 Bb1 39. a4 Rb4 40. a5 Ra4 41. f4 Rxa5 42. g4 Ra2 43. f5+ Ke7 (43... Bxf5 $1 $11 44. gxf5+ Kxf5) 44. Kg3 $1 $14 a5 {[#]} 45. Bc5+ (45. h4 $1 $16) 45... Kf6 $11 46. Nd7+ Kf7 47. Bd6 a4 48. c5 {[#]} (48. Ne5+ $11 Kf6 49. Nd7+ Kg7 50. Ne5) 48... Be4 ({Better is} 48... Rc2 $1 $17 {White must now prevent ...a3.} 49. Ne5+ Kf6 50. Nd7+ Kg7 51. Be5+ Kg8) 49. c6 {The position is equal.} Rd2 50. Ne5+ Kf6 51. Nd7+ Kf7 52. Ne5+ Kf6 53. Nd7+ Kf7 54. Ne5+ Kf6 {Accuracy: White = 28%, Black = 34%.} 1/2-1/2

[Event "Charlotte Open 2020"]
[Site "Charlotte"]
[Date "2020.01.02"]
[Round "1.16"]
[White "Korley, Kassa"]
[Black "Copeland, Samuel"]
[Result "1-0"]
[WhiteElo "2432"]
[BlackElo "2128"]
[Annotator "TA"]
[PlyCount "53"]
[EventDate "2020.01.02"]
[EventType "swiss"]
[EventCountry "USA"]
[SourceTitle "playchess.com"]
[Source "ChessBase"]
[SourceQuality "1"]

{[%evp 10,53,15,8,20,8,16,0,36,22,47,39,41,31,32,21,27,21,48,48,41,49,41,51,40,37,48,53,47,49,113,112,185,177,212,215,230,97,175,180,182,163,170,139,573,558]} 1. d4 Nf6 2. Nf3 e6 3. e3 d5 4. Be2 c5 5. O-O Nc6 6. b3 Be7 {D05: Colle System with ...e6} (6... cxd4 7. exd4 Be7 8. a3 O-O 9. Bd3 a6 10. Bb2 b5 11. Nbd2 b4 12. axb4 Nxb4 13. Be2 a5 14. c3 Nc6 15. Ba3 {½-½ (38) Burmakin,V (2508)-Lintchevski,D (2532) Kazan 2017}) 7. Bb2 O-O 8. Nbd2 Qc7 {The position is equal.} 9. c4 Rd8 $146 ({Predecessor:} 9... b6 10. Rc1 Bb7 11. Qc2 Rac8 12. Rfd1 Rfd8 {1-0 (67) Rios Rebollo,V (1746)-Navas Hernando,O (1827) Madrid 2010}) 10. cxd5 Nxd5 11. Rc1 cxd4 12. Nxd4 Bd7 13. Bb5 Bf6 14. Nxc6 Bxc6 15. Bxf6 Nxf6 16. Bxc6 bxc6 17. Qc2 Rd5 18. Nf3 c5 19. e4 Rh5 ({Black should play} 19... Rdd8 $14) 20. Rfd1 Qf4 (20... Qb7 $16) 21. e5 $1 $18 {[%cal Re5f6]} Ne4 {next ...Ng5 is good for Black.} 22. Qd3 {White wants to mate with Qd8+!} f5 {[#]} 23. exf6 (23. Rc4 $1 $18) 23... gxf6 {[#]} (23... Rd5 $16 {might work better.} 24. f7+ Kxf7) 24. g3 $1 {[%cal Rg3f4]} Qg4 25. Qe3 Rd5 {[#]} 26. h3 $1 {[%mdl 512]} Qf5 $2 {[%mdl 8192]} (26... Qg6 $16) (26... Qxh3 27. Qxe4) 27. g4 {Accuracy: White = 59%, Black = 22%.} ({Weaker is} 27. Re1 Ng5 $18) 1-0

[Event "Charlotte Open 2020"]
[Site "Charlotte"]
[Date "2020.01.02"]
[Round "1.17"]
[White "Kozelov, Roman"]
[Black "Tokhirjonova, Gulrukhbegim"]
[Result "1-0"]
[WhiteElo "2120"]
[BlackElo "2421"]
[Annotator "TA"]
[PlyCount "109"]
[EventDate "2020.01.02"]
[EventType "swiss"]
[EventCountry "USA"]
[SourceTitle "playchess.com"]
[Source "ChessBase"]
[SourceQuality "1"]

{[%evp 11,123,-7,0,0,0,0,0,0,7,0,0,0,0,0,5,-6,0,0,10,3,4,8,25,17,68,65,65,11,30,19,80,56,78,0,56,45,67,66,118,121,118,138,116,102,89,20,201,196,309,306,247,268,278,227,262,279,227,277,283,261,295,301,295,302,276,293,265,213,292,132,319,316,278,277,333,327,441,335,500,477,739,417,6133,6133,6116,5614,29975,29975,29974,29970,29978,29979,29979,29980,29980,29981,29980,29981,29982,29982,29984,29984,29988,29988,29988,29988,29989,29990,29996,29989,29989,29990,29996,29992]} 1. e4 e5 2. Nf3 Nc6 3. d4 exd4 4. Nxd4 Nf6 5. Nxc6 bxc6 6. Nd2 d5 7. exd5 {C45: Scotch Game} cxd5 8. Bb5+ Bd7 9. Bxd7+ {The position is equal.} Qxd7 10. O-O Be7 11. b3 O-O 12. Bb2 Rfe8 (12... Qf5 13. Nf3 Rfe8 14. Qd3 Qxd3 15. cxd3 {½-½ (30) Ivanchuk,V (2732)-Hou,Y (2649) Shenzhen 2017}) 13. Nf3 c5 $146 ({Predecessor:} 13... c6) 14. Qd3 h6 15. Rad1 Rad8 16. Rfe1 Qc8 17. h3 a5 (17... Nh7 $11) 18. Qb5 $14 Ne4 19. a4 (19. c4 $14) 19... Qa8 20. Nd2 f5 (20... Nxd2 $11 {keeps the balance.} 21. Rxd2 Rb8) 21. Nxe4 fxe4 22. Ba3 (22. Be5 $16) 22... Rf8 (22... d4 $11) 23. c4 $1 {[%cal Rc4d5] Strongly threatening cxd5.} ({Don't play} 23. Bxc5 Rb8 $15) 23... d4 {White must now prevent ...Bd6.} 24. Bxc5 Rf5 ({Better is} 24... Bxc5 $14 25. Qxc5 d3) 25. Bxe7 $16 Rxb5 26. axb5 Rd7 27. Bc5 d3 28. Rd2 ({White should try} 28. Ra1 $16) 28... Qc8 $2 {[#]} (28... a4 $1 $11 29. Ra1 Qc8) 29. Be3 $1 $18 a4 (29... Kf7 {is a better defense.} 30. Ra2 Qd8) 30. bxa4 Qxc4 31. Ra1 Qc3 32. Raa2 Qc1+ 33. Kh2 Qc7+ 34. g3 Qa5 35. b6 Kh7 36. Rdb2 Rb7 37. Rb5 Qa6 38. Rb4 Qa5 39. Rab2 Qd5 40. Rd4 (40. h4 $18 {and White stays clearly on top.}) 40... Qe5 $2 (40... Qf5 $16 41. Rdb4 (41. Rbb4 Qa5 $16) 41... g5) 41. Rb5 ({Less strong is} 41. Rbb4 Qf5 $16) 41... Qe8 42. Rdd5 Qf8 43. a5 {[%cal Ba4a5,Ba5a6][%mdl 32]} Qa3 44. Kg2 Qa2 (44... Qa4 $142 45. h4 Qa3) 45. Rd8 Qe2 (45... Kg6 $142 46. Rc5 Rf7) 46. Rf5 {Threatens to win with a6.} Kg6 (46... Qa2 $142 47. Rc5 Rf7) 47. a6 Rxb6 48. Bxb6 d2 49. Rfd5 {White mates.} Qxa6 50. R8d6+ Kh7 51. Rxd2 Qb7 52. Be3 Qf7 53. Rd7 Qf3+ 54. Kh2 Qf5 55. R2d6 {Played: Rd7-a7} 1-0